Business economics : the application of economic theory

Αποθηκεύτηκε σε:
Λεπτομέρειες βιβλιογραφικής εγγραφής
Κύριος συγγραφέας: Ferguson, Paul R.
Άλλοι συγγραφείς: Ferguson, Glenys J.
Μορφή: Βιβλίο
Γλώσσα:English
Δημοσίευση: Hong Kong : MacMillan, 1993
Σειρά:Macmillan texts in economics
Θέματα:
Ετικέτες: Προσθήκη ετικέτας
Δεν υπάρχουν, Καταχωρήστε ετικέτα πρώτοι!

MARC

LEADER 00000nam a2200000 i 4500
001 1/61583
008 960530s1993 eng d
020 |a 0-333-54246-0 
035 |l 10028921 
040 |a GR-MY-UA  |b gre  |e aacr 
041 0 |a eng 
082 0 |a 658.15 
100 1 |a Ferguson, Paul R. 
245 1 0 |a Business economics :  |b the application of economic theory /  |c Paul R.Ferguson, Glenys J.Ferguson, R.Rothschild 
260 |a Hong Kong :   |b MacMillan,   |c 1993 
300 |a 414 p. 
490 1 |a Macmillan texts in economics 
500 |a Includes index 
650 0 0 |a Managerial economics. 
700 1 |a Ferguson, Glenys J. 
830 0 |a Macmillan texts in economics 
852 |a INST  |b CHIOS  |e 19960709  |h 658.15 FER  |p 005200001492  |q 005200040570  |t BK  |y 0 
852 |a INST  |b CHIOS  |e 19960530  |h 658.15 FER  |p 005200008149  |q 005200008149  |t BK  |y 0 
909 |a Χ  |b 044560 
909 |a Χ  |b 040692